ARRUPE JESUIT UNIVERSITY

CORONAVIRUS -STOP THE SPREAD - CLEAN,DISINFECT,COVER

Nicaragua : (Record no. 124465)

MARC details
000 -LEADER
fixed length control field 00921cam a2200301 a 4500
001 - CONTROL NUMBER
control field 825590
003 - CONTROL NUMBER IDENTIFIER
control field ARRUPE
005 - DATE AND TIME OF LATEST TRANSACTION
control field 20160323153237.0
008 - FIXED-LENGTH DATA ELEMENTS--GENERAL INFORMATION
fixed length control field 900404s1987 nyua 000 0 eng d
020 ## - INTERNATIONAL STANDARD BOOK NUMBER
International Standard Book Number 0873484428 (pbk.)
035 ## - SYSTEM CONTROL NUMBER
System control number (OCoLC)21522130
035 ## - SYSTEM CONTROL NUMBER
System control number (OCoLC)ocm21522130
035 ## - SYSTEM CONTROL NUMBER
System control number (CStRLIN)NYCG90-B22157
035 ## - SYSTEM CONTROL NUMBER
System control number (NNC)825590
040 ## - CATALOGING SOURCE
Original cataloging agency NNC
Transcribing agency NNC
043 ## - GEOGRAPHIC AREA CODE
Geographic area code ncnq---
090 ## - LOCALLY ASSIGNED LC-TYPE CALL NUMBER (OCLC); LOCAL CALL NUMBER (OCLC)
Classification number (OCLC) (R) ; Classification number, CALL (RLIN) (NR) F1528
Local cutter number (OCLC) ; Book number/undivided call number, CALL (RLIN) .W45 1987
300 ## - PHYSICAL DESCRIPTION
Other physical details ill. ;
Dimensions 21 cm.
100 1# - MAIN ENTRY--PERSONAL NAME
Personal name Weissberg, Arnold.
9 (RLIN) 23291
245 10 - TITLE STATEMENT
Title Nicaragua :
Remainder of title an introduction to the Sandinista revolution ; the opening years /
Statement of responsibility, etc by Arnold Weissberg.
250 ## - EDITION STATEMENT
Edition statement 3rd ed.
260 ## - PUBLICATION, DISTRIBUTION, ETC. (IMPRINT)
Place of publication, distribution, etc New York, N.Y. :
Name of publisher, distributor, etc Pathfinder Press,
Date of publication, distribution, etc 1982.
300 ## - PHYSICAL DESCRIPTION
Extent 45 p. :
500 ## - GENERAL NOTE
General note Cover title.
651 #0 - SUBJECT ADDED ENTRY--GEOGRAPHIC NAME
Geographic name Nicaragua
General subdivision History
Chronological subdivision Revolution, 1979.
9 (RLIN) 23292
651 #0 - SUBJECT ADDED ENTRY--GEOGRAPHIC NAME
Geographic name Nicaragua
General subdivision History
Chronological subdivision Revolution, 1979
General subdivision Causes.
9 (RLIN) 23293
942 ## - ADDED ENTRY ELEMENTS (KOHA)
Source of classification or shelving scheme Library of Congress Classification
Koha item type Monograph ( Printed materials)
Holdings
Withdrawn status Lost status Source of classification or shelving scheme Damaged status Not for loan Collection code Home library Current library Shelving location Date acquired Total Checkouts Full call number Barcode Date last seen Price effective from Koha item type
    Library of Congress Classification     Main Collection ARRUPE LIBRARY ARRUPE LIBRARY Main Collection 23/03/2016   F1528.W45 1982 46500007063 04/04/2018 23/03/2016 Monograph ( Printed materials)

 

Arrupe Library. PO Box MP320 Mt Pleasant, Harare, Zimbabwe
263 242 745411|librarian@aju.ac.zw